Регионална библиотека "Любен Каравелов" - Русе

Три будистки монаха (Запис номер 158771)

MARC детайли
000 -Лидер
Контролно поле с фиксирана дължина 01682nam a2200385 c 4500
003 - Код на организацията, давaща контролен номер
Контролно поле BLK
005 - Дата и час на последна редакция
Контролно поле 20220209163040.0
008 - Елементи от данни с фиксирана дължина
fixed length control field 180410b bul|||||r ||||||| ||bul||
010 ## - Наследен системен номер
LC control number KNG00165829000
020 ## - Международен стандартен номер на книга ISBN
Международен стандартен номер на книга ISBN 978-954-321-765-6
040 ## - Източник на каталожния запис
Идентификатор на билиотеката - собственик на записа BLK
041 ## - Код за език
Код за езика на текст/звукозапис или на отделно заглавие Български
Код за езика КДБФ Български
Други езици Японски
072 #7 - Код за тематичната категория
Код организация bullib
Код за тематична категория Н83
Текст Чужда художествена литература Н
080 ## - УДК
Текстов определител УДК Японска литература
УДК код - определител по УДК 821.521
УДК определител -193
УДК - код + определител 821.521-193
139 ## - Редно поле
Редна дума Ямагучи Сейши и др.
Авторски знак Ям - Я 44
245 10 - Сведения за заглавието
Заглавие Три будистки монаха
Подзаглавни данни Хайку от Ямагучи Сейши, Танеда Сантока, Озаки Хосаи
Редно поле (дума) * Озаки Хосаи; * Танеда Сантока; * Ямагучи Сейши; състав. и прев. Висенте Ая; прев. Константин Димитров.
257 ## - Страна на издаване
Страна на създаване/издаване Япония
260 ## - Област на издателските данни
Място на издаване, разпространение и проч. София
Име на издателя, разпространителя и проч. Изток-Запад
Година на издаване 2010
300 ## - Физическа характеристика
Страници 119 с.
Размери/Мащаб 20 см
380 ## - Жанр
Жанр Худож. лит.
500 ## - Общи забележки
Забележка Прев. по Tretres monjes budistas / Ozaki Hosai, Taneda Santoka, Yamaguchi Seishi. - Парал. текст и на япон. ез.
653 ## - Ключова дума – ненормативна
Ключова дума хайку
653 ## - Ключова дума – ненормативна
Ключова дума стихотворения
659 ## - Тематичен бюлетин
Тематичен бюлетин Н
700 1# - Други автори (авторска отговорност)
Лично име Озаки Хосаи
Автороска отговорност (Описва отношението между автора и произведението) *
9 (RLIN) 104516
700 1# - Други автори (авторска отговорност)
Лично име Танеда Сантока
Автороска отговорност (Описва отношението между автора и произведението) *
9 (RLIN) 127594
700 1# - Други автори (авторска отговорност)
Лично име Ямагучи Сейши
Автороска отговорност (Описва отношението между автора и произведението) *
9 (RLIN) 145343
700 1# - Други автори (авторска отговорност)
Лично име Ая, Висенте
Автороска отговорност (Описва отношението между автора и произведението) състав. и прев.
9 (RLIN) 334250
700 1# - Други автори (авторска отговорност)
Лично име Димитров, Константин
Автороска отговорност (Описва отношението между автора и произведението) прев.
9 (RLIN) 368039
852 ## - Местоположение
Форматна сигнатура Цб 271150
856 4# - Електронен адрес и достъп
Електронен формат pdf - файл
856 4# - Електронен адрес и достъп
Електронен формат pdf - файл
999 ## - СИСТЕМНИ КОНТРОЛНИ НОМЕРА
Koha biblionumber 158771
Koha biblioitemnumber 158771
942 ## - АРТИКУЛИ
Вид на библиотечния материал Книги
Скрит в OPAC Не
Koha issues (borrowed), all copies 4
Периодичен библиозапис Да
944 ## - СЪЗДАВАНЕ И РЕДАКЦИЯ на ЗАПИСА
Създаване/Редакция Създаване
Дата на регистрацията/редакция 08.10.2014
Статус, дата на статуса ф /
Служител, извършил регистрацията/редакцията Людмила_Стоянова
944 ## - СЪЗДАВАНЕ И РЕДАКЦИЯ на ЗАПИСА
Създаване/Редакция Редакция
Дата на регистрацията/редакция 22.10.2014
Статус, дата на статуса ф /
999 ## - СИСТЕМНИ КОНТРОЛНИ НОМЕРА
Koha biblioitemnumber 158771
Наличности
Код за отписване Код за изгубен артикул Код за повреда Коз за рестрикции Код за отдаване Артикулен № Име на библиотеката - собственик Име на библиотеката, в която се намира в момента Статус (Текущо местоположение) Дата на вписване в системата Местоположение - отдел Цена в лева Инвентарен номер Систематично азбучна сигнатура Баркод Номер на екземпляра Цена в евро Служебна бележка Служебен тип на артикула
  Не е изгубен Не е повреден без рестрикции заемане за дома 265387 Регионална библиотека "Любен Каравелов" Русе Регионална библиотека "Любен Каравелов" Русе Заемна - подръчен фонд 2014-10-09 Заемна - подръчен фонд 9.00 120000781605 П 895-1/Я 44 120000781605 1 4.60 Дост: DA Вид: А N: 22 Дата: 09.10.2014 Дата инв: 08.02.2018 Бележки инв: П2018 Книги
Vip Innovations Ltd, Rousse, Bulgaria 2025